Microcomputer concepts and special applications
Αποθηκεύτηκε σε:
| Κύριος συγγραφέας: | |
|---|---|
| Μορφή: | Βιβλίο |
| Γλώσσα: | English |
| Δημοσίευση: |
Lexington :
Heath,
c1992
|
| Θέματα: | |
| Ετικέτες: |
Προσθήκη ετικέτας
Δεν υπάρχουν, Καταχωρήστε ετικέτα πρώτοι!
|
MARC
| LEADER | 00000nam a2200000 i 4500 | ||
|---|---|---|---|
| 001 | 1/23157 | ||
| 008 | 960711s1992 eng d | ||
| 020 | |a 0-669-28675-3 | ||
| 035 | |l 10022031 | ||
| 040 | |a GR-MY-UA |b gre |e aacr | ||
| 041 | 0 | |a eng | |
| 082 | 0 | |a 004.16 | |
| 100 | 1 | |a Colantonio, Ernest S. | |
| 245 | 1 | 0 | |a Microcomputer concepts and special applications / |c Ernest S. Colantonio |
| 260 | |a Lexington : |b Heath, |c c1992 | ||
| 300 | |a 373 p. | ||
| 500 | |a Includes index | ||
| 650 | 0 | 0 | |a Microcomputers. |
| 852 | |a INST |b CHIOS |e 19960711 |h 004.16 COL |p 005200004018 |q 005200004018 |t BK |y 0 | ||
| 909 | |a Χ |b 031331 | ||